Dubaï - Choix Multiples - Statistiques

Statistiques générales
  • Ce quiz a été pris 3 070 fois
    2 947 depuis la dernière actualisation
  • Le résultat moyen est 8 sur 10
Statistiques - réponses
Question Réponse % Correct
Laquelle de ces photographies est une vue aérienne de Palm Islands ?
95%
Quelle est la particularité du gratte-ciel Burj Khalifa ? C'est le plus haut gratte-ciel au monde
95%
Que trouve-t-on dans le Mall of Emirates, à Dubaï ? Une station de ski artificielle
89%
Quel pays a dirigé plusieurs missiles et drones vers Dubaï à partir de février 2026 ? L'Iran
85%
Que peut-on voir faire Ethan Hunt (Tom Cruise) dans Mission Impossible : Protocole Fantôme à Dubaï ? Escalader les vitres du Burj Khalifa
82%
Que Dubaï n'est-elle pas aux Émirats Arabes Unis ? La capitale
82%
Laquelle de ces personnalités vit à Dubaï depuis 2019 ?
75%
A quoi ressemble le Burj al-Arab, l'un des hôtel les plus luxueux au monde ? Une voile
67%
Au bord de quel golfe se situe la ville de Dubaï ? Le golfe Persique
57%
Quelle était l'activité principale de Dubaï au cours du XIXe siècle ? La pêche aux perles
47%
Aucun quiz correspondant
Distribution des résultats
% des personnes avec chaque résultat
Percentile par nombre de réponses
Votre historique - résultats
Vous n’avez pas pris ce quiz depuis la dernière actualisation